| 000 | 00776nam a2200229 i 4500 | ||
|---|---|---|---|
| 001 | 112763 | ||
| 003 | ES-MaACL | ||
| 005 | 20250824205124.0 | ||
| 007 | t| | ||
| 008 | 061121s1974 sp r ||||1| spa d | ||
| 100 | 1 |
_aNietzsche, Friedrich, _d1844-1900 _985718 |
|
| 245 | 1 | 0 |
_aAsí habló Zarathustra / _cFriedrich Nietzsche ; con estudio preliminar, notas al texto y bibliografía a cargo de Juan Carlos García-Borrón. |
| 250 | _a1ª. ed. | ||
| 260 |
_aBarcelona : _bBruguera, _c1974. |
||
| 300 |
_a378 p. ; _c18 cm. |
||
| 490 | 1 | _aLibro clásico | |
| 650 | 4 |
_aSuperhombre. _9147358 |
|
| 700 | 1 |
_aGarcía Borrón, Juan Carlos. _954285 |
|
| 830 | 0 | 0 |
_aLibro clásico (Bruguera) _9182686 |
| 852 |
_aES-MaACL _jE-6214 _bR.90764 |
||
| 999 |
_c112763 _d112763 |
||